000
00256nam a2200109Ia 4500
008
231212s1967 xx 000 0 und d
041
_a
eng
082
_a
491.43
100
_a
Hawkins J.M.
245
_a
The Oxford Senior
260
_a
New Delhi
_b
Peopel
_c
1967
999
_c
958602
_d
958602